Statistics for Groups of Things 1-10

Click here to take the quiz!

General Stats

  • This quiz has been taken 1,613 times
  • The average score is 29 of 55

Answer Stats

HintAnswer% Correct
7 Central American CountriesPanama
85%
7 Central American CountriesHonduras
82%
7 Central American CountriesEl Salvador
81%
9 Longest RiversAmazon River
80%
7 Central American CountriesNicaragua
80%
9 Longest RiversNile River
80%
7 Central American CountriesGuatemala
79%
7 Central American CountriesBelize
78%
7 Central American CountriesCosta Rica
77%
5 Mediterranean African NationsEgypt
72%
5 Mediterranean African NationsTunisia
68%
5 Mediterranean African NationsAlgeria
67%
8 Yellow Cake IngredientsSugar
67%
8 Yellow Cake IngredientsMilk
64%
10 Provinces of CanadaQuebec
63%
3 Types of RocksIgneous
61%
5 Mediterranean African NationsMorocco
61%
9 Longest RiversMississippi River
60%
8 Yellow Cake IngredientsFlour
57%
8 Yellow Cake IngredientsEggs
56%
3 Types of RocksMetamorphic
56%
10 Provinces of CanadaAlberta
55%
8 Yellow Cake IngredientsVanilla
55%
8 Yellow Cake IngredientsButter
54%
8 Yellow Cake IngredientsBaking Powder
53%
3 Types of RocksSedimentary
53%
10 Provinces of CanadaNewfoundland and Labrador
52%
10 Provinces of CanadaSaskatchewan
52%
9 Longest RiversYellow River
51%
6 Kingdoms of LifeAnimal
50%
2 Mesopotamian RiversEuphrates
50%
5 Mediterranean African NationsLibya
49%
2 Mesopotamian RiversTigris
49%
9 Longest RiversCongo River
48%
10 Provinces of CanadaOntario
47%
6 Kingdoms of LifeBacteria
46%
10 Provinces of CanadaBritish Columbia
44%
9 Longest RiversYangtze River
44%
6 Kingdoms of LifeFungi
43%
10 Provinces of CanadaNova Scotia
43%
6 Kingdoms of LifePlant
43%
8 Yellow Cake IngredientsSalt
43%
4 Boston AirportsBoston Logan
42%
10 Provinces of CanadaPrince Edward Island
41%
10 Provinces of CanadaManitoba
37%
10 Provinces of CanadaNew Brunswick
33%
6 Kingdoms of LifeArchaea
32%
9 Longest RiversParana River
31%
9 Longest RiversOb River
30%
1 Sea with No CoastSargasso Sea
28%
6 Kingdoms of LifeProtist
27%
9 Longest RiversYenisei River
27%
4 Boston AirportsManchester
22%
4 Boston AirportsT.F. Green
22%
4 Boston AirportsWorcester
20%

Score Distribution

Percentile by Number Answered

Percent of People with Each Score

Your Score History

You have not taken this quiz